000 00957nam a2200313 a 4500
001 vtls000118962
003 NLI
005 20240208121527.0
008 101125s1982 cc 001 0 eng
040 _aNLI
_beng
_cDataSoft
_eAACR2
041 1 _aeng
044 _acc
082 0 4 _a330.95105
_bC 441 d
245 0 0 _aChina's search for economic growth :
_bthe chinese economy since 1949 /
_ctranslated by Andrew Watson
260 _aChina :
_bNew World Press,
_c1982
300 _avi, 217 p. ;
_c21 cm.
440 0 _aChina studies series
_9244842
500 _aIncludes index
650 0 _aEconomic development
_92639
650 0 _aAgriculture
_xEconomic aspects
650 0 _aCentral Planning
_zChina
_9217643
651 0 _aChina
_xEconomic conditions
_9208673
700 1 _aWatson, Andrew,
_4trl
_9229193
887 _aPravinbp2
901 _aG32627
_b06.05.1986
902 _aE330.95105 C441
942 _2ddc
_cBKS
949 _6GXX000032627ENG
999 _c123736
_d123736